00529nam a2200193 a 4500001001300000003000900013005001700022008004100039020000900080082001700089100001600106245007100122260004800193300000900241500003500250505001000285650002400295700001600319nice12345678IN_TiNIC20260116012831.0050524s1989 newa grp 000 0 eng  ac9500a398.209bFRE aFrere, Mary aOld Deccan Days Or Hindoo Fairy Legends, Current in Southern India aNew DelhibAsian Educational Servicesc1989 a224p aincludes index and biblioraphy2 aIndex aOral History-Deccan1 aFrere, Mary